000 00295nam a2200109Ia 4500
008 230907s9999||||xx |||||||||||||| ||und||
082 _a658.802
_bHOO
245 0 _aMarketing strategy and competitive positioning /
260 _aPrentice Hall,
_bNew York :
_c2012
300 _a578 p.
942 _cBK
999 _c600113
_d600113